000 00897nam a2200277Ia 4500
001 Para_7629
003 CHAP
008 220125s1968 xx 000 0 und d
010 _a206523
040 _cCHAP
082 _aPA 632.7 P65
110 _aNational Academy of Sciences (Washington)
_9172816
245 _aControl of plant- parasitic nematodes /
_c by National Academy of Sciences
260 _aWashington :
_b National Academic of Sciences
300 _a172 p.
440 _aPrinciples of plant and animal pest control ; 4
_9172817
650 _aAgricualtura
_x plagas
_x colecciones de escritos
_9172818
650 _aPlagas
_x enfermedades por nemátodos Control de plagas
_9172819
901 _aPA 632.7 P65
902 _aA
905 _a0000001968 0000000000 00
910 _a1968
942 _cPARA
942 _cPARA
_d1
999 _c206523
_d206523